000 00342nam a22001337a 4500
003 SGT
020 _a817055196X
082 _a891.4309
_bM02J
100 _aजैन, निर्मला
245 _aमहादेवी संचयिता
260 _bवाणी प्रकाशन
_c2002
300 _a434
942 _2ddc
_cBK
999 _c31300
_d31300